Dietro i candelabri /

Đã lưu trong:
Chi tiết về thư mục
Tác giả chính: Hamlisch, Marvin (Nhà soạn nhạc)
Tác giả khác: Aykroyd, Dan (Diễn viên), Damon, Matt (Diễn viên), Weintraub, Jerry (Nhà sản xuất), Holbrook, Boyd Robert (Diễn viên), Lagravenese, Richard (Người viết kịch bản), Lowe, Rob (Diễn viên), Reynolds, Debbie (Diễn viên), Douglas, Michael, (1944- ) (Diễn viên), Soderbergh, Steven (Giám đốc)
Định dạng: Slide
Ngôn ngữ:Tiếng Italy
Tiếng Anh
Được phát hành: Italia : 01 Distribution, 2014
Các nhãn: Thêm thẻ
Không có thẻ, Là người đầu tiên thẻ bản ghi này!

MARC

LEADER 00000ngm a22000007i 4500
001 IT\ICCU\TSA\1407237
003 ItRI
005 20260124182914.0
008 140704s2014 it |||||||||||||||k|||||c
024 3 1 |a 8032807054193 
028 4 2 |a 05419  |b HBO Films 
028 4 2 |a 14PD0056  |b Allegato Panorama 
040 |b ita 
041 7 |a ita  |a eng  |2 ISO-639-2 
130 0 |a Behind the candelabra <film ; 2013>  |3 IT\ICCU\TSA\1407239 
245 0 0 |a Dietro i candelabri /  |c diretto da Steven Soderbergh ; sceneggiatura di Richard LaGravenese ; tratto da un romanzo di Scott Thorson con Alex Thorleifson ; musiche adattate da Marvin Hamlisch ; prodotto da Jerry Weintraub ; cast: Michael Douglas, Matt Damon, Rob Lowe ... [et al.]. 
260 |a Italia :  |b 01 Distribution,  |c 2014 
300 |a 1 DVD-video (131 min) :  |b a colori, PAL 
500 |a Titolo del contenitore 
500 |a Produzione: Stati Uniti, 2013 
500 |a c2012 Space Rocket Nation 
500 |a Etichetta: HBO Films 
500 |a Durata: 131 min 
500 |a Lingue: italiano, inglese; sottotitoli: italiano per non udenti, inglese 
500 |a Altri interpreti: Dan Aykroyd, Scott Bakula, Rob Lowe 
500 |a Caratteristiche tecniche: area 2; PAL; video 720x576, widescreen 16:9; audio Dts-Hd, Dolby digital 5.1 
500 |a Contenuti extra: making of; trailer. 
700 1 |a Aykroyd, Dan  |0 IT\ICCU\CFIV\100625  |4 act 
700 1 |a Damon, Matt  |0 IT\ICCU\MILV\233158  |4 act 
700 1 |a Weintraub, Jerry  |0 IT\ICCU\MODV\128364  |4 pro 
700 1 |a Holbrook, Boyd Robert  |0 IT\ICCU\MODV\657843  |4 act 
700 1 |a Lagravenese, Richard  |0 IT\ICCU\RAVV\066222  |4 sce 
700 1 |a Hamlisch, Marvin  |0 IT\ICCU\RAVV\089538  |4 cmp 
700 1 |a Lowe, Rob  |0 IT\ICCU\RAVV\094770  |4 act 
700 1 |a Reynolds, Debbie  |0 IT\ICCU\RAVV\306433  |4 act 
700 1 |a Douglas, Michael,  |d  (1944- )  |0 IT\ICCU\SBLV\082887  |4 act 
700 1 |a Soderbergh, Steven  |0 IT\ICCU\UBOV\038133  |4 drt 
700 1 |a Thorson, Scott  |0 IT\ICCU\UBOV\366410  |4 ant 
700 1 |a Thorleifson, Alex  |0 IT\ICCU\UBOV\366411  |4 ant 
710 2 |a 01 Distribution  |0 IT\ICCU\DDSV\000014  |4 pbl 
790 1 |a Damon, Matthew Paige  |3 IT\ICCU\SBNV\033944  |z Damon, Matt 
790 1 |a Lowry, Sam  |3 IT\ICCU\RAVV\676755  |z Soderbergh, Steven 
942 |2 ddc  |c VM  |n 0 
952 |0 0  |1 0  |4 0  |6 VO_2152_000000000000000  |7 0  |9 27863  |a BO  |b BO  |d 2026-01-24  |i 17627  |l 0  |o VO 2152  |p BO17627  |r 2026-01-24 18:29:14  |w 2026-01-24  |x [Sebina 5] [1 dvd]  |y VM  |z 1 dvd 
999 |c 23624  |d 23624